000 00362nam a2200145Ia 4500
008 230917s9999||||xx |||||||||||||| ||und||
040 _e72892
_aMAIN
041 _aEnglish
082 _a657.48 S69F
100 _aSchrader, William J
245 0 _aFinancial accounting: an events approach
260 _aTexas
_bDame
_c1981
300 _axii, 324 p.
942 _cBK
999 _c35741
_d35741